"Mengambil berat"

Bibliographic Details
Main Author: Rejab F.I
Format: Book
Published: Selangor : Pintar Firus , 2005
Series:Koleksi cerita peribahasa
Subjects:

MARC

LEADER 00000cam a2200000 7i4500
001 0000005351
005 20220105104011.0
008 070803
020 |a 9832673518(set) 
020 |a 9832673615 
090 0 0 |a JP   |b NS MAL (4457) 
100 0 |a Rejab F.I 
245 1 0 |a "Mengambil berat"   |c Rejab F.I. 
260 |a Selangor :   |b Pintar Firus ,   |c 2005 
440 |a Koleksi cerita peribahasa 
500 |a Children age 4-6 years old (yellow) 
650 0 |a Children's stories, Malay 
999 |a 0000980505   |b Book   |c Children Collection   |e Perbadanan Perpustakaan Awam Johor 
999 |a 0000980506   |b Book   |c Children Collection   |e Perbadanan Perpustakaan Awam Johor 
999 |a 0000980507   |b Book   |c Children Collection   |e Perbadanan Perpustakaan Awam Johor 
999 |a 0000980508   |b Book   |c Children Collection   |e Perbadanan Perpustakaan Awam Johor 
999 |a 0000980509   |b Book   |c Children Collection   |e Cawangan Mersing 
999 |a 0001148474   |b Book   |c Children Collection   |e Cawangan Batu Pahat